<?xml version="1.0" encoding="UTF-8"?>
<marc:record xmlns:marc="http://www.loc.gov/MARC21/slim">
   <marc:leader>00000nam a2200000 a 4500</marc:leader>
   <marc:datafield ind1=" " ind2=" " tag="653">
      <marc:subfield code="a">Kartenspiel</marc:subfield>
   </marc:datafield>
   <marc:datafield ind1=" " ind2=" " tag="653">
      <marc:subfield code="a">Tiefsee</marc:subfield>
   </marc:datafield>
   <marc:datafield ind1=" " ind2=" " tag="653">
      <marc:subfield code="a">Meer</marc:subfield>
   </marc:datafield>
   <marc:datafield ind1=" " ind2=" " tag="653">
      <marc:subfield code="a">LEADER</marc:subfield>
   </marc:datafield>
   <marc:datafield ind1=" " ind2=" " tag="653">
      <marc:subfield code="a">Mini-MINT</marc:subfield>
   </marc:datafield>
   <marc:datafield ind1=" " ind2=" " tag="653">
      <marc:subfield code="a">ab 7 Jahren</marc:subfield>
   </marc:datafield>
   <marc:datafield ind1=" " ind2=" " tag="653">
      <marc:subfield code="a">Fische</marc:subfield>
   </marc:datafield>
   <marc:datafield ind1="0" ind2="0" tag="245">
      <marc:subfield code="a">Haba Schwarmlichter</marc:subfield>
   </marc:datafield>
   <marc:datafield ind1=" " ind2="1" tag="264">
      <marc:subfield code="a">Bad Rodach</marc:subfield>
      <marc:subfield code="b">Haba Sales GmbH &amp; Co. KG</marc:subfield>
   </marc:datafield>
   <marc:datafield ind1="1" ind2=" " tag="490">
      <marc:subfield code="a">HABA</marc:subfield>
      <marc:subfield code="v">Schwarmlichter</marc:subfield>
   </marc:datafield>
   <marc:datafield ind1="1" ind2=" " tag="520">
      <marc:subfield code="a">Die Würfel fallen und der rasante Tauchgang beginnt: Die Spieler:innen durchwühlen gleichzeitig die Tiefseekarten und suchen den passenden Unterwasserschwarm. Doch die leuchtenden Meerestiere stehen nicht still! Es gilt, genau hinzuschauen und sich nicht zu vergreifen, sonst gibt’s Minuspunkte. Wer in fünf Tauchgängen die wenigsten Minuspunkte sammelt, gewinnt.&#xD;
Auf einen Blick&#xD;
Abtauchen und schnell die gewürfelten Meerestiere finden, wer die wenigsten Minuspunkte hat, gewinnt.&#xD;
HABA Kinderspiel in grandioser Tiefseeatmosphäre für kleine Tierfreunde und Abenteurerinnen&#xD;
Rasantes Schau-genau-Spiel ab 7 Jahren mit spannenden Tauchgängen – Schwarmlichter von HABA&#xD;
Robustes Spielmaterial aus stabiler Pappe mit schillernden Karten – toller Glanzeffekt!&#xD;
Suchspiel für 2 bis 5 Kinder, Spieldauer ca. 15 Minuten</marc:subfield>
   </marc:datafield>
</marc:record>
